000 00384nam a22001697a 4500
999 _c10361
_d10361
003 OSt
008 210112b ||||| |||| 00| 0 eng d
020 _a9788123708034
082 _a333.9
100 _aRAMA
245 _aOur Water Resources
250 _a1st Ed.
260 _aNew Delhi
_bNational Book Trust India
_c2013
300 _a95
650 _aGENERAL
942 _2ddc
_cREF